000
00449nam a2200133Ia 4500
008
100328s9999 xx 000 0 und d
082
_b
68407
100
_a
कुलकर्णी उमा-अनु.(मूळ लेखक-एस.एल.भैरप्पा).
245
_a
मंद्र.
260
_b
मेहता पब्लिशिंग हाऊस.
630
_a
मंद्र.
730
_a
मंद्र.
942
_c
BOOK
999
_c
554146
_d
554143